000 00553nam a2200193 i 4500
001 28308
003 ES-MaACL
005 20230906153827.0
007 t|
008 030117s1952 sp ||||1| spa d
100 1 _aBanús Sans, José.
_925218
245 1 0 _aMariano Fortuny Marsal
_b: guión biográfico radiofónico /
_coriginal de José Banús Sans.
260 _aReus :
_b[s.n.,
_c1952] (
_fDiana)
300 _a20 p. ;
_c21 cm.
490 1 _aGort
830 0 _aGort
_9229259
852 _aES-MaACL
_j1942-F-8
_bR.32672
999 _c28308
_d28308